|
|
|
|
| LEADER |
00000nab a2200000 a 4500 |
| 001 |
vtls008414830 |
| 003 |
SK-MaSNL |
| 005 |
20260304140459.0 |
| 008 |
250505c2005 xo 0 slo |
| 015 |
|
|
|a SNBCL2005/5
|
| 035 |
|
|
|a SLK032705
|
| 035 |
|
|
|a urn:nbn:sk:snk-ab6is8
|
| 035 |
|
|
|a (uuid)99e4a731-e034-43c2-93a9-fe43e80cc5e3
|
| 035 |
|
|
|a (urnnbn)urn:nbn:sk:snk:ar-004dd6
|
| 040 |
|
|
|a SNKBUCL
|b slo
|c SNKBUCL
|e AACR2
|
| 041 |
0 |
|
|a slo
|b eng
|b slo
|
| 044 |
|
|
|a xo
|c SK
|
| 080 |
|
|
|a 616.58-002.44:616.5:616.379-008.64
|2 1981
|
| 100 |
1 |
|
|a Jarčušková, Darina,
|d 1937-
|4 aut
|9 209687
|
| 245 |
1 |
0 |
|a Neurotrofický diabetický vred v diferenciálnej diagnostike dermatológa
|c D. Jarčušková, J. Jautová, P. Jarčuška
|
| 300 |
|
|
|b Obr.
|
| 504 |
|
|
|a Bibliogr. odkazy
|
| 546 |
|
|
|a Res. angl., slov.
|
| 650 |
0 |
7 |
|a diabetická neuropatia
|2 MESH
|9 68378
|
| 650 |
0 |
7 |
|a vred nohy
|x diagnostika
|2 MESH
|9 1456880
|
| 650 |
0 |
7 |
|a choroby kožné
|x komplikácie
|2 MESH
|9 1456881
|
| 650 |
0 |
7 |
|a diferenciálna diagnostika
|2 MESH
|9 69886
|
| 650 |
0 |
7 |
|a kazuistika
|2 MESH
|9 19523
|
| 700 |
1 |
|
|a Jautová, Jagienka,
|d 1952-
|4 aut
|9 133620
|
| 700 |
1 |
|
|a Jarčuška, Peter,
|d 1963-
|4 aut
|9 209679
|
| 773 |
0 |
|
|t Derma 3. tisícročia
|g Roč. 5, č. 1 (2005), s. 13-16
|x 1335-7913
|
| 850 |
|
|
|a Slovenská národná knižnica
|
| 852 |
|
|
|a Slovenská národná knižnica
|
| 954 |
|
|
|a odborná, vedecká literatúra pôvodná (slovenská)
|2 lita
|
| 958 |
|
|
|a article27
|
| 958 |
|
|
|a OND
|
| 958 |
|
|
|a EUIPO
|
| 999 |
|
|
|c 2915519
|d 2917449
|